00490nam a2200181Ia 4500003000400000005001700004008004100021020001800062040000700080041000800087082001800095100003700113245006400150260005200214300001600266365001400282650001200296OSt20230620102706.0210423s2001 xx 000 0 und d a9788176710596 cAL aeng a574.1925 PALT aPALMER (Trevor);BONNER (Philip). aEnzymes: biochemistry biotechnology and clinical chemistry. aNew DelhibAffiliated East West Press Ltdc2001 axix,402bPB b2388cINR aEnzymes